000 00392nam a2200157Ia 4500
008 160316s1995 xxu||||| |||| 00| 0 eng d
082 _a0.000000
_b
100 _a
245 _aEmployment strategies for people with disabilities : The role of employers
250 _a
260 _aStrasbourg
_bCouncil of Europe
_c1995
300 _a95p
_b
_c
365 _b
650 _a
700 _a
_a
999 _c17688
_d17688